Digital Circus - Characters by image - Statistics

General Stats
  • This quiz has been taken 196 times
  • The average score is 9 of 10
Answer Stats
Picture Answer % Correct
Pomni
99%
Jax
98%
Kinger
93%
Zooble
93%
Bubble
92%
Caine
92%
Ragatha
91%
Gangle
90%
Kaufmo
84%
Queener
58%
No matching quizzes found
Score Distribution
Percent of People with Each Score
Percentile by Number Answered
Your Score History
You have not taken this quiz